Liquids in action

Bibliographic Details
Main Author: Mellett, Peter
Other Authors: Rossiter, Jane
Format: Book
Published: London : Franklin Watts , 1992
Series:Science cookery through
Subjects:

MARC

LEADER 00000cam a2200000 7i4500
001 0000007207
002 000007752
005 20011126.0
020 |a 0749609265 
090 0 0 |a 500   |b MEL 
100 1 |a Mellett, Peter 
245 1 0 |a Liquids in action   |c Peter Mellett 
260 |a London :   |b Franklin Watts ,   |c 1992 
300 |a 32p. :   |b ill ;   |c 27cm. 
490 0 |a Science cookery through 
650 0 0 |a Cookery   |x Juvenile literature 
650 0 0 |a Liquids   |x Juvenile literature 
700 0 |a Rossiter, Jane 
999 |a 052526   |b BUKU   |c PINJAMAN   |e PERPUSTAKAAN KOMUNITI PETALING JAYA